| 000 | 00391pam a2200145 a 4500 | ||
|---|---|---|---|
| 020 |
_a9780470286623 _c |
||
| 041 | _aeng | ||
| 082 |
_a615.19 _bWAN |
||
| 100 | _aWang, Z. | ||
| 245 |
_aComprehensive Organic Name Reactions and Reagents Vol - 1 _hTextual Documents |
||
| 260 |
_aWeinheim _bJohn Wiley _c2009 |
||
| 300 | _a1304. | ||
| 653 | _aPharmaceutical/Medicinal Chemistry | ||
| 930 | _a1912 | ||
| 999 |
_c75197 _d75197 |
||